| 000 | 00607nam a2200181 i 4500 | ||
|---|---|---|---|
| 001 | 72513 | ||
| 003 | ES-MaACL | ||
| 005 | 20230906171446.0 | ||
| 007 | t| | ||
| 008 | 040901s1970 sp ||||1| spa d | ||
| 100 | 1 |
_aGisevius, Hans Bernad. _957341 |
|
| 245 | 1 | 1 |
_a¿Dónde está Nebe? _b: vida y muerte del jefe de la policía criminal del III Reich / _cHans Bernad Gisevius ; [versión Carmen Soler Blanch]. |
| 250 | _a[1ª ed.]. | ||
| 260 |
_aBarcelona : _bCaralt, _c[1970] ( _fCondal) |
||
| 300 |
_a288 p. ; _c20 cm. |
||
| 700 | 1 |
_aSoler Blanch, Carmen. _9107168 |
|
| 852 |
_aES-MaACL _jC-39193 _bR.79230 |
||
| 999 |
_c72513 _d72513 |
||